00399nam a2200133Ia 4500008004100000082001500041100002700056245002700083260001800110600001500128942000700143952009800150999001700248241002s9999 xx 000 0 und d a153.35 ROB aRobinson, James Harvey 4aThe Mind in The Making aLondon:c1949 aPhilosophy cUC 00104070aUITUbUITUd1994-01-01l0o153.35 ROBpUC552r2024-10-02 09:31:23w2024-10-02yUC c18879d18879